[Event "CRO U20 1 liga"]
[Site "Cakovec"]
[Date "2020.07.15"]
[Round "4.14"]
[White "Matota, Dominik"]
[Black "Dumancic, Simun"]
[Result "1/2-1/2"]
[WhiteElo "1807"]
[BlackElo "1920"]
[PlyCount "64"]
[EventDate "2020.??.??"]
[WhiteClock "1:30:00"]
[BlackClock "1:30:00"]

{[%evp 0,64,16,16,100,90,95,49,10,69,112,91,106,93,118,50,61,47,44,12,70,-4,24,
5,27,-1,-1,17,17,3,3,3,13,17,17,21,36,44,64,58,88,48,102,36,45,34,51,-33,-35,
-53,-35,-68,-68,-72,-64,-64,-64,-92,-11,-18,-22,-34,5,1,14,14,5]} 1. e4 c5 2.
Nf3 Nc6 3. d4 cxd4 4. Nxd4 g6 5. Nc3 Bg7 6. Be3 Nf6 7. Qd2 d6 8. f3 O-O 9. Be2
a6 10. Nb3 Be6 11. Nd5 Bxd5 12. exd5 Ne5 13. c4 Rc8 14. Rc1 Qd7 15. Nd4 e6 16.
dxe6 fxe6 17. O-O Nc6 18. Rfd1 Rfd8 19. b4 Ne7 20. Nb3 Qc7 21. b5 Nf5 22. bxa6
bxa6 23. Bf2 Bh6 24. Qb2 Bxc1 25. Qxf6 Bh6 26. Qxe6+ Qf7 27. Qxf7+ Kxf7 28. g4
Ne7 29. Bb6 Re8 30. Rxd6 Rc6 31. Rxc6 Nxc6 32. Kf2 Bf4 1/2-1/2

[Event "CRO U20 1 liga"]
[Site "Cakovec"]
[Date "2020.07.15"]
[Round "4.15"]
[White "Sagovac, Kristijan"]
[Black "Borzan, Matej"]
[Result "1-0"]
[WhiteElo "1835"]
[BlackElo "1746"]
[PlyCount "47"]
[EventDate "2020.??.??"]
[WhiteClock "1:30:00"]
[BlackClock "1:30:00"]

{[%evp 0,47,16,16,34,72,70,73,108,45,70,52,61,51,65,28,93,21,39,19,27,25,53,46,
38,35,93,37,89,-17,-4,-34,7,-8,60,47,78,66,71,109,127,106,319,272,305,561,561,
561,724,650]} 1. e4 d6 2. d4 Nf6 3. Nc3 g6 4. f4 Bg7 5. Nf3 O-O 6. Be2 c6 7. h3
Nh5 8. g4 Ng3 9. Rg1 Nxe2 10. Qxe2 e5 11. dxe5 dxe5 12. f5 b6 13. Bg5 f6 14.
Bd2 Ba6 15. Qg2 g5 16. h4 h6 17. hxg5 fxg5 18. O-O-O Qe7 19. Qh2 Qf6 20. Rh1
Bc4 21. Nxg5 hxg5 22. Qh7+ Kf7 23. Qh5+ Ke7 24. Bxg5 1-0

[Event "CRO U20 1 liga"]
[Site "Cakovec"]
[Date "2020.07.15"]
[Round "4.18"]
[White "Juric, Ester"]
[Black "Cvitan, Ena"]
[Result "0-1"]
[WhiteElo "1663"]
[BlackElo "2258"]
[PlyCount "94"]
[EventDate "2020.??.??"]
[WhiteClock "1:30:00"]
[BlackClock "1:30:00"]

{[%evp 0,94,19,39,5,-24,-16,-16,-11,-32,12,10,30,13,27,28,58,51,49,25,46,-6,-4,
-18,-19,-19,-31,-38,-23,-48,-19,-14,-24,-50,-58,-76,-58,-70,-75,-117,-96,-114,
-111,-144,-105,-142,-139,-153,-153,-153,-143,-172,-172,-160,-45,-134,-31,-22,
104,-6,13,7,-4,-4,6,-13,10,-9,14,-59,8,-49,-35,0,0,-34,-34,-17,20,-31,-37,-28,
-28,-75,-62,-96,-82,-108,-196,-228,-248,-248,-250,-237,-213,-393,-393]} 1. d4
Nf6 2. c4 e6 3. Nc3 Bb4 4. e3 b6 5. Nf3 Bb7 6. Bd3 O-O 7. O-O d5 8. cxd5 exd5
9. Ne5 c5 10. f4 Nc6 11. a3 Bxc3 12. bxc3 Ne4 13. Bxe4 dxe4 14. Qe2 Qc7 15. Bb2
f6 16. Ng4 Na5 17. Rac1 Rac8 18. Nf2 f5 19. Rfd1 Qf7 20. Rb1 Bd5 21. Bc1 Rc7
22. g4 Bb3 23. Re1 cxd4 24. cxd4 Rc2 25. Qb5 fxg4 26. Nxe4 Qb7 27. Qd3 Rfc8 28.
Bd2 Ba2 29. Rbc1 Rxc1 30. Rxc1 Rxc1+ 31. Bxc1 Bc4 32. Qb1 Qd5 33. Nd2 Ba6 34.
Qb4 Nc4 35. Qe7 h6 36. Qe8+ Kh7 37. Qe4+ Qxe4 38. Nxe4 Bb7 39. Ng3 Nd6 40. Kf2
Kg6 41. Ke2 h5 42. Kf2 h4 43. Ne2 Ne4+ 44. Kg1 Ba6 45. f5+ Kxf5 46. Nf4 Bc4 47.
Kg2 g5 0-1

[Event "CRO U20 1 liga"]
[Site "Cakovec"]
[Date "2020.07.15"]
[Round "4.19"]
[White "Dabic, Stjepan"]
[Black "Mandaric, Fran"]
[Result "1/2-1/2"]
[WhiteElo "2120"]
[BlackElo "1671"]
[PlyCount "106"]
[EventDate "2020.??.??"]
[WhiteClock "1:30:00"]
[BlackClock "1:30:00"]

{[%evp 0,106,16,5,9,-16,-16,-16,-11,-32,-9,-9,28,27,28,33,51,49,49,17,17,-24,6,
-16,-23,-23,-12,-38,-36,-36,-26,-37,3,-31,-24,6,44,43,13,6,54,52,52,-4,-2,-3,
15,-2,54,10,47,58,58,58,75,55,89,89,89,89,98,103,100,84,118,33,33,33,24,24,24,
20,30,7,16,0,0,0,0,0,27,10,36,10,10,0,0,0,0,0,0,0,4,11,27,0,0,0,0,0,0,0,214,0,
0,0,0,0,0]} 1. d4 Nf6 2. c4 e6 3. Nc3 Bb4 4. e3 O-O 5. Nf3 b6 6. Bd3 Bb7 7. O-O
d5 8. cxd5 exd5 9. Ne5 Nbd7 10. f4 c5 11. a3 Bxc3 12. bxc3 Ne4 13. Bxe4 dxe4
14. Qe2 Nxe5 15. fxe5 f6 16. exf6 Rxf6 17. Bb2 Rxf1+ 18. Rxf1 Qd6 19. c4 Rf8
20. Rxf8+ Qxf8 21. dxc5 Qxc5 22. Qd2 Qg5 23. Qd4 Qf6 24. Qd7 Qf7 25. Qd8+ Qf8
26. Qc7 Ba6 27. h3 h6 28. Qxa7 Bxc4 29. Qxb6 Kh7 30. a4 Bf1 31. Bf6 Be2 32. Qb2
Qxf6 33. Qxe2 Qa1+ 34. Qf1 Qxa4 35. Qf5+ Kh8 36. Kh2 Qc4 37. Kg3 Qd3 38. Qf8+
Kh7 39. Qc5 Kh8 40. Qd4 Qb1 41. Qc3 Kh7 42. Kf2 Qa2+ 43. Kg1 Qb1+ 44. Kh2 Qd3
45. Qd4 Qxd4 46. exd4 Kg6 47. Kg3 Kf5 48. Kf2 Ke6 49. Ke2 Kd6 50. Kd2 h5 51. h4
Ke6 52. Ke2 Kd6 53. Kf2 Ke6 1/2-1/2

[Event "CRO U20 1 liga"]
[Site "Cakovec"]
[Date "2020.07.15"]
[Round "4.20"]
[White "Markovic, Marko"]
[Black "Purini, Bruno"]
[Result "0-1"]
[WhiteElo "1643"]
[BlackElo "2017"]
[PlyCount "56"]
[EventDate "2020.??.??"]
[WhiteClock "1:30:00"]
[BlackClock "1:30:00"]

{[%evp 0,56,16,11,20,-28,1,-16,64,31,26,-3,33,3,0,-43,-50,-67,-68,-103,-75,
-112,-112,-157,-112,-95,-90,-78,-78,-104,-68,-74,-99,-99,-100,-100,-114,-125,
-110,-110,-53,-56,-98,-70,-14,-51,-51,-170,-85,-231,-231,-231,-231,-231,-280,
-509,-514,-514,-528]} 1. d4 d5 2. c4 e6 3. Nc3 a6 4. Nf3 Nf6 5. Bf4 dxc4 6. e4
b5 7. a3 Bb7 8. Bg5 Be7 9. Bxf6 Bxf6 10. e5 Be7 11. a4 Bb4 12. axb5 axb5 13.
Rxa8 Bxa8 14. Be2 c5 15. O-O Bxc3 16. bxc3 Bxf3 17. Bxf3 cxd4 18. Qxd4 Qxd4 19.
cxd4 Kd7 20. Rb1 c3 21. Be4 Rc8 22. Rxb5 Nc6 23. Rb7+ Rc7 24. Bxc6+ Kxc6 25.
Rb1 Kd5 26. Kf1 Kxd4 27. Ke2 c2 28. Rc1 Kc3 0-1

[Event "CRO U20 1 liga"]
[Site "Cakovec"]
[Date "2020.07.16"]
[Round "5.1"]
[White "Topalic, Fran"]
[Black "Muha, Miljenko"]
[Result "1-0"]
[WhiteElo "1741"]
[BlackElo "2310"]
[PlyCount "121"]
[EventDate "2020.??.??"]
[WhiteClock "1:30:00"]
[BlackClock "1:30:00"]

{[%evp 0,121,58,31,25,54,54,58,22,45,40,46,46,61,68,42,88,88,88,90,131,98,140,
105,94,61,89,76,79,87,96,110,115,121,258,258,258,247,312,246,337,233,260,187,
214,228,232,215,215,215,214,150,141,141,141,135,131,133,163,162,162,135,120,
135,135,140,193,153,201,211,211,207,239,153,183,150,166,130,149,129,129,156,
144,131,173,167,177,177,171,176,199,214,214,214,230,227,227,233,233,233,239,
248,277,273,307,307,304,305,325,357,335,332,352,356,343,341,558,530,573,573,
992,572,992,992]} 1. e4 e6 2. Nf3 d5 3. Nc3 d4 4. Ne2 c5 5. c3 Nc6 6. cxd4 cxd4
7. Qa4 b5 8. Qxb5 Bd7 9. Ne5 Nxe5 10. Qxe5 Ne7 11. Nxd4 Ng6 12. Qg3 e5 13. Nf3
f6 14. Bc4 Rc8 15. d3 Qb6 16. O-O Nf4 17. Bxf4 exf4 18. Qxf4 Qxb2 19. e5 Be7
20. exf6 Qxf6 21. Qxf6 Bxf6 22. Rab1 Kd8 23. Ba6 Rc6 24. Rb8+ Bc8 25. Rxc8+
Rxc8 26. Bxc8 Kxc8 27. Rc1+ Kd7 28. Rc4 Rb8 29. g3 a5 30. h4 Rb2 31. Ra4 Bc3
32. Kg2 Bb4 33. Ne5+ Kc7 34. Nc4 Re2 35. Nxa5 Bc5 36. Rf4 Rxa2 37. Nc4 Kc6 38.
Rf5 Bd4 39. Ne5+ Kd6 40. Nf7+ Ke7 41. Ng5 Rd2 42. Nxh7 Rxd3 43. Ng5 Rd2 44. Rf4
Bb6 45. Rf7+ Ke8 46. Rxg7 Rxf2+ 47. Kh3 Bd4 48. Rg8+ Ke7 49. h5 Rf1 50. Kg4 Rh1
51. Rg6 Ra1 52. h6 Ra8 53. h7 Bf6 54. Rg8 Ra4+ 55. Kh5 Ra1 56. Kg6 Ra6 57. Rg7+
Bxg7+ 58. Kxg7 Ra5 59. h8=Q Rxg5+ 60. Kh6 Rxg3 61. Qe5+ 1-0

[Event "CRO U20 1 liga"]
[Site "Cakovec"]
[Date "2020.07.16"]
[Round "5.2"]
[White "Cvitan, Ena"]
[Black "Matota, Dominik"]
[Result "1-0"]
[WhiteElo "2258"]
[BlackElo "1807"]
[PlyCount "91"]
[EventDate "2020.??.??"]
[WhiteClock "1:25:00"]
[BlackClock "1:30:00"]

{[%evp 0,91,42,42,44,-36,38,48,53,66,66,35,35,33,23,21,21,21,33,-2,11,-26,17,
29,33,52,65,43,27,33,37,45,42,55,80,85,94,72,94,68,73,69,81,64,99,148,131,112,
124,117,206,101,130,144,217,146,166,124,245,171,208,94,233,255,255,285,285,250,
250,236,301,328,335,335,386,399,426,350,697,561,575,467,634,372,693,594,594,
594,1234,1352,1686,2608,29999,-30000]} 1. d4 Nf6 2. c4 g6 3. Nc3 Bg7 4. e4 d6
5. h3 O-O 6. Be3 e5 7. d5 Na6 8. Nf3 Bd7 9. g4 c6 10. Nd2 cxd5 11. cxd5 Nc7 12.
Be2 b5 13. b4 a5 14. a3 axb4 15. axb4 Rxa1 16. Qxa1 Qa8 17. O-O Rb8 18. Nb3
Nfe8 19. Na5 h5 20. Qb2 hxg4 21. Ra1 Na6 22. hxg4 Nec7 23. Qb3 Kf8 24. Rc1 f5
25. f3 fxg4 26. fxg4 Rc8 27. Kg2 Nb8 28. Ra1 Ke8 29. Ra2 Nba6 30. Rc2 Nb8 31.
Nxb5 Nxb5 32. Rxc8+ Bxc8 33. Bxb5+ Kf8 34. Qc4 Bd7 35. Bxd7 Nxd7 36. Qc6 Qd8
37. Qxd6+ Kg8 38. Nc6 Qh4 39. Qxd7 Qe1 40. Ne7+ Kh7 41. g5 Qe2+ 42. Bf2 Qxe4+
43. Kg1 Qf3 44. Qe6 Qd1+ 45. Kg2 Qc2 46. Qg8# 1-0

[Event "CRO U20 1 liga"]
[Site "Cakovec"]
[Date "2020.07.16"]
[Round "5.3"]
[White "Borzan, Matej"]
[Black "Dabic, Stjepan"]
[Result "0-1"]
[WhiteElo "1746"]
[BlackElo "2120"]
[PlyCount "60"]
[EventDate "2020.??.??"]
[WhiteClock "1:30:00"]
[BlackClock "1:30:00"]

{[%evp 0,60,16,8,8,5,72,16,66,57,55,36,43,27,69,55,57,-3,19,11,22,-10,21,-3,36,
9,44,44,10,-16,-16,-16,-16,-128,-43,-136,-134,-147,-153,-163,-204,-204,-200,
-327,-199,-231,-269,-250,-262,-414,-407,-457,-316,-318,-313,-334,-334,-334,
-437,-437,-437,-468,-468]} 1. d4 Nf6 2. Nf3 g6 3. c4 Bg7 4. Nc3 O-O 5. e4 d6 6.
Be2 Nbd7 7. h3 e5 8. d5 Nc5 9. Qc2 a5 10. Bg5 h6 11. Be3 Nh5 12. g3 f5 13. Nh4
Nf4 14. Bxf4 exf4 15. Nxg6 fxg3 16. Nxf8 gxf2+ 17. Kf1 Qxf8 18. Rh2 fxe4 19.
Rxf2 Bxh3+ 20. Ke1 Qe7 21. Kd1 Qh4 22. Rh2 Qg3 23. Rh1 Re8 24. Kd2 Bg2 25. Rhg1
Qf4+ 26. Kd1 Qf2 27. Re1 Nd3 28. Bxd3 Qxe1+ 29. Kxe1 exd3+ 30. Kd2 dxc2 0-1

[Event "CRO U20 1 liga"]
[Site "Cakovec"]
[Date "2020.07.16"]
[Round "5.4"]
[White "Purini, Bruno"]
[Black "Dankos, Mislav"]
[Result "1-0"]
[WhiteElo "2017"]
[BlackElo "1274"]
[PlyCount "71"]
[EventDate "2020.??.??"]
[WhiteClock "1:30:00"]
[BlackClock "1:30:00"]

{[%evp 0,71,16,16,77,100,100,-2,49,-8,-8,-18,29,16,24,-33,0,8,61,23,28,30,50,
60,99,89,88,78,68,72,82,81,87,89,202,227,314,269,269,241,394,394,393,393,389,
331,331,330,456,322,322,267,432,420,449,439,508,524,551,592,584,567,567,559,
597,437,663,662,763,563,662,562,602,537]} 1. e4 c5 2. Nf3 Nc6 3. g3 g6 4. Bg2
Nf6 5. d3 Bg7 6. O-O d6 7. c3 Qb6 8. Na3 Bg4 9. h3 Bxf3 10. Qxf3 Nd7 11. Qe2 e5
12. Nc4 Qc7 13. a4 Nb6 14. Ne3 a5 15. f4 O-O 16. f5 Nd8 17. f6 Bh6 18. Nd5 Nxd5
19. Bxh6 Nxc3 20. bxc3 Re8 21. h4 Ne6 22. Bh3 c4 23. Bxe6 cxd3 24. Qxd3 Rxe6
25. h5 d5 26. exd5 e4 27. Qe3 Re5 28. Bf4 g5 29. Bxe5 Qxe5 30. d6 Rd8 31. Rad1
h6 32. c4 b6 33. Rd5 Qe6 34. Kh2 Kh7 35. Rd4 Kg8 36. Qxe4 1-0

[Event "CRO U20 1 liga"]
[Site "Cakovec"]
[Date "2020.07.16"]
[Round "5.5"]
[White "Cotic, Borna"]
[Black "Alfirevic, Duje"]
[Result "1/2-1/2"]
[WhiteElo "2049"]
[BlackElo "1994"]
[PlyCount "63"]
[EventDate "2020.??.??"]
[WhiteClock "1:28:00"]
[BlackClock "1:30:00"]

{[%evp 0,63,16,16,26,11,59,18,43,13,39,39,-4,-70,20,-44,1,2,21,21,18,-18,27,1,
6,21,18,-10,26,28,14,-14,-5,-5,-23,-35,-31,-39,-36,-36,-6,-61,-22,-95,-79,-79,
-73,-57,-39,-42,-38,-38,-33,-42,-27,-17,-46,-41,-13,-22,-20,-20,-20,-20,-20,
-21]} 1. e4 e5 2. Nf3 Nc6 3. Nc3 Nf6 4. d4 exd4 5. Nxd4 Bb4 6. Nxc6 bxc6 7. Bd3
d5 8. exd5 cxd5 9. O-O O-O 10. h3 h6 11. Qf3 c6 12. Bf4 Bd6 13. Ne2 c5 14. c4
Bb7 15. Bxd6 Qxd6 16. cxd5 Bxd5 17. Qg3 Qxg3 18. Nxg3 c4 19. Bc2 Rfb8 20. Rab1
Rb6 21. b3 cxb3 22. Bxb3 Rab8 23. Ra1 Bxb3 24. axb3 R8b7 25. Rfb1 g6 26. Ra3 h5
27. Ne2 Ne4 28. Nd4 Nd2 29. Rba1 Nxb3 30. Rxb3 Rxb3 31. Nxb3 Rxb3 32. Rxa7
1/2-1/2

[Event "CRO U20 1 liga"]
[Site "Cakovec"]
[Date "2020.07.16"]
[Round "5.6"]
[White "Dumancic, Simun"]
[Black "Simunic, Krunoslav"]
[Result "1-0"]
[WhiteElo "1920"]
[BlackElo "2047"]
[PlyCount "87"]
[EventDate "2020.??.??"]
[WhiteClock "1:30:00"]
[BlackClock "1:30:00"]

{[%evp 0,87,14,14,58,21,59,4,93,46,78,61,100,51,63,35,35,62,62,50,59,33,44,24,
56,4,60,28,52,33,12,2,-29,-24,-13,-40,-37,-37,-39,-58,122,-33,-15,-32,-18,-18,
-18,-15,43,31,31,35,41,50,50,52,31,19,23,23,53,53,107,90,78,74,74,74,74,93,62,
65,65,85,74,74,74,74,69,30,29,30,30,48,60,95,121,132,433,438]} 1. e4 e6 2. d4
d5 3. Nd2 c5 4. Ngf3 Nf6 5. exd5 Qxd5 6. Bc4 Qd7 7. dxc5 Bxc5 8. O-O Nc6 9. Qe2
O-O 10. Nb3 Bd6 11. Bg5 a6 12. a4 Qc7 13. c3 Ng4 14. h3 Nge5 15. Nxe5 Nxe5 16.
Bd3 h6 17. Be3 Nxd3 18. Qxd3 Rd8 19. Qe4 b6 20. a5 Bb7 21. axb6 Bxe4 22. bxc7
Bxc7 23. Nc5 Bd3 24. Nxd3 Rxd3 25. Rfd1 Rad8 26. Rxd3 Rxd3 27. Kf1 a5 28. Ke2
Rd8 29. c4 f5 30. Bd2 Kf7 31. b4 axb4 32. Ra7 Rd7 33. Bxb4 Ke8 34. c5 Be5 35.
Ra6 Kf7 36. c6 Rd8 37. Ra7+ Kg6 38. Re7 Kf6 39. Rb7 Rc8 40. Rb6 Bd4 41. Ra6 Ke5
42. c7 Kd5 43. Rd6+ Ke5 44. Rd8 1-0

[Event "CRO U20 1 liga"]
[Site "Cakovec"]
[Date "2020.07.16"]
[Round "5.7"]
[White "Baric, Marko"]
[Black "Sagovac, Kristijan"]
[Result "1-0"]
[WhiteElo "1831"]
[BlackElo "1835"]
[PlyCount "111"]
[EventDate "2020.??.??"]
[WhiteClock "1:26:00"]
[BlackClock "1:30:00"]

{[%evp 0,111,14,14,100,77,77,32,96,91,86,-21,27,48,62,47,80,45,54,70,70,60,72,
73,74,79,76,36,82,86,116,114,100,95,136,140,126,100,183,183,378,393,388,376,
405,325,404,404,404,313,317,327,332,311,312,298,298,293,302,282,291,278,301,
299,292,301,307,309,306,296,300,296,318,344,344,345,346,297,302,299,302,307,
313,322,332,311,334,334,365,343,348,349,353,365,392,341,378,372,372,317,347,
347,362,406,406,402,409,463,484,500,496,513,534,578]} 1. e4 c5 2. Nf3 Nc6 3.
Bb5 e5 4. O-O d6 5. c3 Nf6 6. d4 cxd4 7. cxd4 Bd7 8. dxe5 Nxe5 9. Bxd7+ Qxd7
10. Nc3 Be7 11. Bf4 Ng6 12. Bg3 O-O 13. Qb3 b6 14. Rad1 Qb7 15. Rfe1 Rad8 16.
Nd4 Rfe8 17. Nf5 Bf8 18. Bxd6 Nxe4 19. Bxf8 Rxd1 20. Qxd1 Qc8 21. Rxe4 Rxe4 22.
Nd6 Re1+ 23. Qxe1 Qxf8 24. Qe8 Qxe8 25. Nxe8 Ne5 26. Nc7 Kf8 27. b3 Ke7 28.
N7b5 Nc6 29. Kf1 Kd7 30. Ne4 f5 31. Nd2 a6 32. Nc3 b5 33. Ke2 Kd6 34. Nf3 Kc5
35. Kd3 a5 36. Ng5 Ne5+ 37. Kc2 g6 38. h3 h5 39. Ne6+ Kd6 40. Nf4 b4 41. Nce2
h4 42. Nd3 Nd7 43. Kd2 Nf6 44. Nb2 Ne4+ 45. Ke3 Kc5 46. Nd3+ Kd6 47. Kd4 g5 48.
Kc4 g4 49. Kb5 Nc3+ 50. Nxc3 bxc3 51. Kc4 c2 52. Kc3 gxh3 53. gxh3 c1=Q+ 54.
Nxc1 Ke5 55. Ne2 Ke4 56. Ng1 1-0

[Event "CRO U20 1 liga"]
[Site "Cakovec"]
[Date "2020.07.16"]
[Round "5.9"]
[White "Jambresic, Filip"]
[Black "Sos, Fran"]
[Result "1/2-1/2"]
[WhiteElo "2082"]
[BlackElo "2024"]
[PlyCount "86"]
[EventDate "2020.??.??"]
[WhiteClock "1:30:00"]
[BlackClock "1:30:00"]

{[%evp 0,86,25,25,99,27,82,49,54,12,14,17,76,80,34,58,58,20,38,36,5,13,45,16,
27,11,32,0,39,-55,42,-61,-30,-67,-5,-20,10,-21,-21,-86,-48,-135,-72,-113,-113,
-113,-56,-53,-61,-84,-91,-98,-98,-98,-95,-116,-93,-109,-109,-60,-60,-56,-78,
-86,-86,-90,-56,-56,-56,-73,-58,-86,-38,-2,8,-44,-46,-65,9,-4,0,-29,-20,-62,15,
23,23,23,23]} 1. Nf3 c5 2. c4 g6 3. g3 Bg7 4. Bg2 Nc6 5. Nc3 e5 6. O-O Nge7 7.
d3 d6 8. Nd5 O-O 9. e4 Nxd5 10. cxd5 Ne7 11. Rb1 a5 12. a3 f5 13. b4 b6 14. h3
Bd7 15. Nd2 Bb5 16. Nc4 axb4 17. axb4 fxe4 18. Bxe4 Bd7 19. h4 Bh3 20. Re1 Ra2
21. Rb2 Rxb2 22. Bxb2 b5 23. Ne3 Nf5 24. Nxf5 gxf5 25. Bg2 Bxg2 26. Kxg2 cxb4
27. Bc1 Qc7 28. Bd2 Qf7 29. Qf3 b3 30. Rb1 b2 31. Bc3 e4 32. dxe4 Bxc3 33. Qxc3
fxe4 34. Rxb2 Qxd5 35. Rd2 Qc5 36. Qb3+ Rf7 37. Qd5 Qxd5 38. Rxd5 Rd7 39. Rxb5
d5 40. Kf1 Kf7 41. Rb6 Ke7 42. Ke2 Rd6 43. Rb7+ Rd7 1/2-1/2

[Event "CRO U20 1 liga"]
[Site "Cakovec"]
[Date "2020.07.16"]
[Round "5.10"]
[White "Borzan, Andrej"]
[Black "Karlusic, Luka"]
[Result "0-1"]
[WhiteElo "1983"]
[BlackElo "2159"]
[PlyCount "84"]
[EventDate "2020.??.??"]
[WhiteClock "1:30:00"]
[BlackClock "1:30:00"]

{[%evp 0,84,22,9,17,-24,0,-20,-16,-36,5,-1,54,13,41,-36,40,27,46,39,39,21,21,
31,97,46,29,6,23,-7,59,34,24,7,88,42,44,22,44,-12,-18,-23,46,32,101,14,120,-56,
-86,-85,-69,-69,-69,-103,-128,-107,-48,-168,-154,-154,-179,-209,-157,-191,-171,
-259,-249,-307,-315,-314,-337,-337,-328,-337,-268,-331,-287,-333,-292,-319,
-319,-681,-610,-919,-29992,-29993,-775]} 1. d4 d5 2. c4 e6 3. Nc3 Nf6 4. Bg5
Be7 5. Nf3 O-O 6. e3 h6 7. Bh4 b6 8. cxd5 Nxd5 9. Bxe7 Qxe7 10. Nxd5 exd5 11.
Rc1 Be6 12. Qa4 c5 13. Qa3 Rc8 14. Be2 Kf8 15. b3 Nd7 16. O-O g5 17. Bb5 a6 18.
Bxd7 Bxd7 19. Ne5 Bb5 20. Rfe1 Rc7 21. Qb2 Qe6 22. dxc5 bxc5 23. Nd7+ Qxd7 24.
a4 Kg8 25. axb5 axb5 26. f4 Qe6 27. Qe2 c4 28. bxc4 dxc4 29. fxg5 hxg5 30. Qf3
Rac8 31. Rb1 Rc5 32. Rf1 c3 33. Qb7 c2 34. Rbc1 Qxe3+ 35. Kh1 R8c7 36. Qb8+ Kg7
37. Qd8 Qe7 38. Qd4+ Qe5 39. Qd8 b4 40. h4 Rc4 41. Rfe1 Rxh4+ 42. Kg1 Qd4+ 0-1

[Event "CRO U20 1 liga"]
[Site "Cakovec"]
[Date "2020.07.16"]
[Round "5.11"]
[White "Cigrovski, Jakov"]
[Black "Colev, Ivor"]
[Result "1-0"]
[WhiteElo "2010"]
[BlackElo "1901"]
[PlyCount "91"]
[EventDate "2020.??.??"]
[WhiteClock "1:30:00"]
[BlackClock "1:30:00"]

{[%evp 0,91,22,-30,38,31,44,52,98,36,34,22,20,-48,-42,-42,17,70,87,-5,-9,-18,
-1,-45,-48,-98,-102,-56,-25,-67,-32,-30,56,-29,39,2,14,-21,59,-77,104,-74,-69,
-60,25,34,57,-114,10,-105,-106,-106,-128,-107,-107,-163,-123,-97,-62,-84,7,78,
181,204,208,191,309,263,309,188,277,214,218,218,261,236,226,185,226,211,182,
182,214,221,252,237,315,333,333,333,390,390,386,416]} 1. c4 f5 2. Nc3 Nf6 3. d4
g6 4. h4 d6 5. h5 Nxh5 6. Rxh5 gxh5 7. e4 Bg7 8. Qxh5+ Kd7 9. Be3 Qe8 10. Qxf5+
Kd8 11. Qf3 Nc6 12. O-O-O Qg6 13. Qe2 b6 14. Qd2 Bb7 15. f4 Kd7 16. g3 Rae8 17.
Bh3+ Kd8 18. Nf3 h6 19. Bf5 Qf7 20. Qd3 Nb4 21. Qe2 Bc8 22. Bxc8 Kxc8 23. c5
dxc5 24. a3 Na2+ 25. Nxa2 Qxa2 26. e5 c4 27. Bd2 e6 28. Bc3 Rd8 29. Nd2 b5 30.
Qg4 Rhg8 31. Qxe6+ Kb8 32. Qc6 b4 33. Qb5+ Ka8 34. Qxb4 Rb8 35. Qxc4 Qxc4 36.
Nxc4 Rbd8 37. Rf1 Bf8 38. Rf3 c5 39. dxc5 Bxc5 40. f5 Rg4 41. Nd2 Bf8 42. e6
Rc8 43. f6 Bd6 44. e7 Kb7 45. Re3 Bxe7 46. fxe7 1-0

[Event "CRO U20 1 liga"]
[Site "Cakovec"]
[Date "2020.07.16"]
[Round "5.12"]
[White "Poljan, Max"]
[Black "Mahecic, Lovre"]
[Result "0-1"]
[WhiteElo "1649"]
[BlackElo "1977"]
[PlyCount "46"]
[EventDate "2020.??.??"]
[WhiteClock "1:29:00"]
[BlackClock "1:30:00"]

{[%evp 0,46,14,9,9,38,38,31,80,-1,-9,-29,-40,-44,-35,-90,-42,-82,-76,-82,-55,
-103,-103,-143,-115,-131,-96,-127,-110,-85,-66,-77,-43,-88,-41,-57,-57,-7,-4,
-54,-4,-23,8,-29,23,-30,6,-274,-274]} 1. d4 Nf6 2. Nf3 d5 3. e3 c5 4. b3 Nc6 5.
Bd3 Bg4 6. Bb2 e6 7. Be2 Bd6 8. Ne5 Bxe2 9. Qxe2 Qc7 10. f4 cxd4 11. exd4 Ne4
12. c3 Ne7 13. g3 Bxe5 14. fxe5 O-O 15. O-O Nf5 16. Qd3 f6 17. exf6 Rxf6 18.
Nd2 Rg6 19. Rf3 Ng5 20. Rff1 Rf8 21. Ba3 Rff6 22. Qb5 Qb8 23. Rf4 Nh3+ 0-1

[Event "CRO U20 1 liga"]
[Site "Cakovec"]
[Date "2020.07.16"]
[Round "5.13"]
[White "Ljubicic, Mario"]
[Black "Haidinger, Erik"]
[Result "1/2-1/2"]
[WhiteElo "1966"]
[BlackElo "1767"]
[PlyCount "153"]
[EventDate "2020.??.??"]
[WhiteClock "1:30:00"]
[BlackClock "1:30:00"]

{[%evp 0,153,31,14,94,53,88,111,79,36,65,91,89,100,98,100,79,47,38,40,100,52,
52,1,12,-18,-37,-19,-17,-48,-48,-48,-40,-26,-28,-79,-28,-28,-10,18,51,56,177,
66,95,55,100,10,11,10,10,-9,-9,-10,-10,-25,-25,6,21,21,8,-9,-11,-18,-18,0,19,1,
-6,-7,32,24,22,3,16,10,11,-18,3,-7,-2,-21,-26,-22,-6,-32,-6,-7,12,12,38,31,49,
35,29,18,23,29,18,24,21,17,2,0,3,9,17,9,17,15,17,15,15,0,0,3,-1,-12,16,10,30,
14,14,8,16,15,15,9,15,9,9,2,-1,0,15,8,8,0,0,0,0,-14,7,0,7,6,7,-94,-71,-137,-98,
-121,-41,-34,-20,-22]} 1. e4 c5 2. Nf3 d6 3. d4 cxd4 4. Nxd4 Nf6 5. Nc3 g6 6.
f3 Bg7 7. Be3 O-O 8. Qd2 Nc6 9. O-O-O d5 10. exd5 Nxd5 11. Nxd5 Qxd5 12. Nxc6
Qxc6 13. Bh6 Bf5 14. Bxg7 Kxg7 15. Bd3 Rfd8 16. Qe2 Be6 17. h4 Qd5 18. b3 Qd4
19. Kb1 Qf6 20. h5 a5 21. hxg6 hxg6 22. Qd2 a4 23. Qh6+ Kg8 24. Qh7+ Kf8 25.
Qh8+ Qxh8 26. Rxh8+ Kg7 27. Rh4 axb3 28. axb3 Rd6 29. Rb4 b6 30. Kb2 Bf5 31. g4
Bxd3 32. Rxd3 Rad8 33. Re3 e6 34. Rc3 R8d7 35. Rc8 Rb7 36. Kc3 Rd5 37. Rc6 b5
38. f4 g5 39. fxg5 Rxg5 40. Kd3 Rd7+ 41. Ke3 Rd1 42. Rc7 Kg6 43. Rb7 Rdd5 44.
Rf4 f5 45. gxf5+ Rdxf5 46. Rxf5 Rxf5 47. Ke4 Rc5 48. Kd3 Rd5+ 49. Ke3 Rc5 50.
Kd2 Kf5 51. b4 Rd5+ 52. Ke3 Re5+ 53. Kd3 Rd5+ 54. Ke3 Re5+ 55. Kf3 Rd5 56. Rc7
Ke5 57. Ke3 Kd6 58. Rc8 Ke5 59. Rc6 Rd1 60. Rc5+ Rd5 61. Rc8 Rd1 62. Rb8 Rd5
63. Rb6 Kf5 64. Rc6 Ke5 65. Rc7 Kd6 66. Rc8 Ke5 67. Rh8 Kd6 68. Ke4 Re5+ 69.
Kd4 Rd5+ 70. Kc3 Ke5 71. Rc8 Rd1 72. Kb3 Rb1+ 73. Ka2 Rxb4 74. Rc5+ Kd4 75. Rc6
Rc4 76. Rxe6 Rxc2+ 77. Kb3 1/2-1/2

[Event "CRO U20 1 liga"]
[Site "Cakovec"]
[Date "2020.07.16"]
[Round "5.17"]
[White "Tomulic, Teo"]
[Black "Karlovcec, David"]
[Result "1-0"]
[WhiteElo "2359"]
[BlackElo "1655"]
[PlyCount "63"]
[EventDate "2020.??.??"]
[WhiteClock "1:30:00"]
[BlackClock "1:30:00"]

{[%evp 0,63,36,18,53,-35,29,28,66,54,119,80,80,60,57,57,110,74,83,65,129,50,35,
62,88,44,54,25,41,38,45,66,151,76,50,42,42,42,53,-10,43,-50,-49,-51,4,-17,-17,
-9,359,405,405,405,405,445,483,552,758,842,793,814,941,941,1020,1002,1860,1885]
} 1. e4 c5 2. b4 e6 3. bxc5 Bxc5 4. d4 Bb4+ 5. c3 Ba5 6. Bd3 Nf6 7. Nf3 h6 8.
O-O d5 9. e5 Ng8 10. Bc2 Ne7 11. Qd3 Bd7 12. a4 a6 13. Na3 Bc6 14. Bd2 Nd7 15.
Nb5 Bc7 16. h4 Nb6 17. Nxc7+ Qxc7 18. h5 Nc4 19. Nh4 b5 20. f4 bxa4 21. f5 Bb5
22. fxe6 fxe6 23. Ng6 Na3 24. Bxa4 Bxa4 25. Rxa3 Bb5 26. Qxb5+ axb5 27. Rxa8+
Kd7 28. Rxh8 Nf5 29. g4 Qc4 30. gxf5 Qd3 31. fxe6+ Kxe6 32. Nf4+ 1-0